| 000 | 00673nam a2200193Ia 4500 | ||
|---|---|---|---|
| 008 | 151121s9999||||xx |||||||||||||| ||und|| | ||
| 082 | _a500/भटना | ||
| 082 | _bHNW-18705 | ||
| 100 | _aभटनागर रामेश्वर | ||
| 245 | _aऑक्सीजन और जीवन | ||
| 260 | _b"आत्माराम एण्ड संस, दिल्ली।" | ||
| 260 | _c-- | ||
| 300 | _a98 | ||
| 600 | _aभटनागर रामेश्वर | ||
| 630 | _aऑक्सीजन और जीवन | ||
| 700 | _aभटनागर रामेश्वर | ||
| 730 | _aऑक्सीजन और जीवन | ||
| 942 | _cBOOK | ||
| 999 |
_c1220534 _d1220531 |
||